| 000 | 00360nam a2200145Ia 4500 | ||
|---|---|---|---|
| 005 | 20241203001124.0 | ||
| 008 | 240331s9999 xx 000 0 und d | ||
| 082 |
_bDIS _a891 |
||
| 100 | _aDissanayake,B.I | ||
| 245 | 0 | _aGangarohana varnanava | |
| 260 |
_aColombo _bM.D. Gunasena & Co. Ltd., |
||
| 300 | _aIX, 46 p ., | ||
| 650 | _aSinhalese Poems | ||
| 942 | _cL | ||
| 999 |
_c3391 _d3391 |
||